000 00567 a2200193 4500
999 _c8485
_d8485
020 _a9780702171949
050 _aH61 BLE 2006
100 _aBless, Claire
245 _aFundamentals of Social Research Methods :
_bAn African Perspective /
_cClaire Bless, Craig Higson and
250 _a4th ed.
264 _aCape Town :
_bJuta :
_c2006.
300 _avi, 190p. ;
500 _aIncludes glossary and index.
650 _xSocial Research Methods
651 _aAfrica
700 _aHigson, Craig
700 _aKagee, Ashraf
942 _2lcc
_cBK
_e4th ed.
_h61
_iBLE
_kH